000 01222nam a2200253Ia 4500
003 OSt
005 20200718124123.0
008 191128s2001 ck er 000 f spa d
020 _a9580408548
040 _aCO-JMCR
_cCO-JMCR
041 _aspa
082 0 4 _aN /
_bKENc
100 1 _aKendall, Sarita,
_d1943
_eautora
_97531
245 1 3 _aLa campana del arrecife /
_cSarita Kendall ; traducción Jorge Cárdenas Nannetti
260 _aBogotá :
_bNorma,
_c2001
300 _a174 páginas ;
_c19 cm.
490 0 _aTorre de papel. Torre amarilla
500 _aRecomendado a partir de 11 años.
505 _aViernes: la isla -- Viernes: Cartagena -- Sábado: el arrecife -- Domingo: el cable -- Lunes por la mañana: otra vez en el arrecife -- Lunes por la tarde: el descabezado -- Martes: la biblioteca -- Miércoles: Kika se luce -- Jueves: la partida
520 _aDos niños, un isleño y una norteamericana, descubren un disco de oro en los arrecifes de una isla caribeña ubicada en las costas de Colombia. Juntos intentan sacar el disco del fondo del mar, y encuentran vestigios de un naufragio.
650 1 4 _aNovela juvenil
_97533
700 _aCárdenas Nannetti, Jorge,
_etraductor
_92223
942 _2ddc
_cBK
999 _c4061
_d4061